[Event "SR 2. liga A 2002/2003"]
[Site "?"]
[Date "2002.10.13"]
[Round "2.4"]
[White "Skreno, Vladimir"]
[Black "Hecko, Dusan"]
[Result "1/2-1/2"]
[WhiteElo "2139"]
[BlackElo "2168"]
[PlyCount "35"]
[EventDate "2002.??.??"]

1. d4 g6 2. Nf3 Nf6 3. c4 Bg7 4. Nc3 d5 5. e3 O-O 6. b4 b6 7. Ba3 Bb7 ({
kniznica Fritz} 7... c5 8. bxc5 bxc5 9. Bxc5 Na6 10. Ba3 Qa5 11. Bb2 Rb8 12.
Qd2 Qb4 13. Rb1 Bf5 14. Bd3 Ne4) 8. Rc1 Nbd7 9. Qb3 e6 10. Be2 Re8 11. O-O dxc4
12. Qxc4 c6 13. Rfd1 b5 14. Qb3 Qe7 15. Bb2 Nd5 16. Nxd5 cxd5 17. Bc3 Nf6 18.
Nd2 1/2-1/2

[Event "SR 2. liga A 2002/2003"]
[Site "?"]
[Date "2002.10.13"]
[Round "2.4"]
[White "Srna, Jan"]
[Black "Kolman, Richard"]
[Result "1/2-1/2"]
[WhiteElo "2073"]
[BlackElo "2139"]
[PlyCount "95"]
[EventDate "2002.??.??"]

1. d4 d6 2. Bf4 Nf6 3. h4 Nbd7 4. Nf3 c6 5. c3 Qc7 6. e3 e5 7. Bh2 Be7 8. Qc2
b6 9. Bd3 a5 10. Nbd2 Ba6 11. Bxa6 Rxa6 12. dxe5 dxe5 13. Nc4 Ng4 14. Bg3 f6
15. O-O-O Nh6 16. Nd6+ Bxd6 17. Qd3 b5 18. Qxd6 Qxd6 19. Rxd6 Nf5 20. Rd2 Nxg3
21. Rhd1 Ra7 22. fxg3 Ke7 23. e4 Nc5 24. Re2 h5 25. Kc2 Rh6 26. Re3 Rg6 27. Nd2
Rg4 28. Rf1 Ke6 29. Rf2 a4 30. Rfe2 g5 31. hxg5 Rxg5 32. Nf3 Rg8 33. Nh4 Rag7
34. Nf5 Rg5 35. b4 Nxe4 36. Nd4+ exd4 37. Rxe4+ Re5 38. Rxe5+ fxe5 39. cxd4
Rxg3 40. Rxe5+ Kd6 41. Rxh5 Rxg2+ 42. Kd3 Rxa2 43. Rc5 Ra3+ 44. Kd2 Rb3 45. d5
Rxb4 46. dxc6 Kc7 47. Kc3 Rb3+ 48. Kc2 1/2-1/2

[Event "SR 2. liga A 2002/2003"]
[Site "?"]
[Date "2002.10.13"]
[Round "2.4"]
[White "Toth_Vano, Peter"]
[Black "Mynar, Martin"]
[Result "1/2-1/2"]
[WhiteElo "2088"]
[BlackElo "2119"]
[PlyCount "30"]
[EventDate "2002.??.??"]

1. e4 e5 2. Nf3 Nc6 3. d4 exd4 4. Nxd4 Bc5 5. Nxc6 bxc6 6. Nc3 Qf6 7. Qd2 Ne7
8. Bd3 d5 9. Qf4 Bd4 10. Qxf6 Bxf6 11. Bf4 dxe4 12. Bxe4 Be6 13. Bxc7 Nd5 14.
Bg3 O-O 15. O-O Nxc3 1/2-1/2

[Event "SR 2. liga A 2002/2003"]
[Site "?"]
[Date "2002.10.13"]
[Round "2.5"]
[White "Duris, Ivan"]
[Black "Sekera, Branislav"]
[Result "1-0"]
[WhiteElo "2023"]
[BlackElo "2128"]
[PlyCount "54"]
[EventDate "2002.??.??"]

1. e4 c6 2. d4 d6 3. Bc4 d5 4. exd5 cxd5 5. Bd3 Nf6 6. Bg5 e6 7. Nf3 Be7 8.
Nbd2 Qb6 9. Rb1 Bd7 10. Qe2 Nc6 11. c3 a6 12. O-O Rc8 13. Rfd1 O-O 14. Ne5 Qd8
15. Ndf3 Na7 16. Re1 Bb5 17. Rbd1 Bxd3 18. Rxd3 b5 19. Nd2 Nd7 20. Bxe7 Qxe7
21. Nxd7 Qxd7 22. Rh3 Nc6 23. Nf3 Qd8 24. Qd2 Ne7 25. Re5 Ng6 26. Reh5 h6 27.
Rxh6 gxh6 {time} 1-0

[Event "SR 2. liga A 2002/2003"]
[Site "?"]
[Date "2002.10.13"]
[Round "2.5"]
[White "Eged, Igor"]
[Black "Zacik, Anton"]
[Result "1-0"]
[WhiteElo "2076"]
[BlackElo "2113"]
[PlyCount "77"]
[EventDate "2002.??.??"]

1. c4 Nf6 2. Nc3 g6 3. g3 Bg7 4. Bg2 c5 5. Nf3 O-O 6. e4 d6 7. d4 Nbd7 8. O-O
Nb6 9. Qd3 Bg4 10. Be3 Bxf3 11. Bxf3 Nfd7 12. b3 cxd4 13. Bxd4 Ne5 14. Bxe5
Bxe5 15. Bg2 Nd7 16. Rac1 Bxc3 17. Rxc3 Qb6 18. Rd1 Rac8 19. Qe3 Qxe3 20. Rxe3
Ne5 21. Re2 g5 22. Rd5 g4 23. h3 h5 24. Re3 f5 25. exf5 Rxf5 26. hxg4 hxg4 27.
Rb5 Nf3+ 28. Bxf3 Rxb5 29. Bxg4 Rbc5 30. Bxc8 Rxc8 31. Rxe7 b5 32. cxb5 Rc5 33.
Rxa7 Rxb5 34. f4 d5 35. Kf2 d4 36. Rd7 Ra5 37. Rxd4 Rxa2+ 38. Kf3 Rb2 39. Rb4
1-0

[Event "SR 2. liga A 2002/2003"]
[Site "?"]
[Date "2002.10.13"]
[Round "2.5"]
[White "Faltan, Peter"]
[Black "Samko, Karol"]
[Result "1/2-1/2"]
[WhiteElo "2148"]
[BlackElo "1974"]
[PlyCount "35"]
[EventDate "2002.??.??"]

1. d4 Nf6 2. c4 e6 3. Nc3 d5 4. Nf3 Nbd7 5. Bf4 Bb4 6. Qb3 c5 7. dxc5 Qa5 8. a3
Bxc3+ 9. Qxc3 Qxc3+ 10. bxc3 Nxc5 11. e3 Bd7 12. Be5 dxc4 13. Bxc4 Ba4 14. Nd2
Rd8 15. Bd4 Rc8 16. f3 O-O 17. Ke2 Nfd7 18. e4 1/2-1/2

[Event "SR 2. liga A 2002/2003"]
[Site "?"]
[Date "2002.10.13"]
[Round "2.5"]
[White "Hanzluvka, Peter"]
[Black "Gajarsky, Roman"]
[Result "1/2-1/2"]
[WhiteElo "2127"]
[BlackElo "2051"]
[PlyCount "91"]
[EventDate "2002.??.??"]

1. e4 e5 2. Nf3 Nf6 3. Nxe5 d6 4. Nf3 Nxe4 5. d4 d5 6. Bd3 Bg4 7. h3 Bh5 8. O-O
Nc6 9. c3 Be7 10. Re1 f5 11. Qb3 Rb8 12. Nbd2 Bf7 13. Nf1 O-O 14. Bf4 Bd6 15.
Bxd6 Qxd6 16. Ne3 g6 17. Qc2 Rbe8 18. Qc1 Nd8 19. Ne5 Be6 20. f3 Nf6 21. Nf1
Nf7 22. Kh1 Bc8 23. Nxf7 Rxf7 24. Rxe8+ Nxe8 25. Qd2 Re7 26. Re1 Rxe1 27. Qxe1
Qe6 28. Qxe6+ Bxe6 29. h4 Kf7 30. Kh2 Nf6 31. Ng3 h6 32. Ne2 Nd7 33. Nf4 Kf6
34. Nxe6 Kxe6 35. Kg3 g5 36. hxg5 hxg5 37. Kf2 c5 38. Bb5 b6 39. Ke3 f4+ 40.
Kd3 Nf6 41. Ba6 Nh5 42. Bc8+ Kd6 43. Ke2 Ng3+ 44. Ke1 Kc6 45. b3 b5 46. b4
1/2-1/2

[Event "SR 2. liga A 2002/2003"]
[Site "?"]
[Date "2002.10.13"]
[Round "2.5"]
[White "Mihalik, Marek"]
[Black "Doucha, Ludvik"]
[Result "0-1"]
[WhiteElo "2090"]
[BlackElo "2107"]
[PlyCount "106"]
[EventDate "2002.??.??"]

1. d4 Nf6 2. c4 e5 3. dxe5 Ne4 4. Nf3 Nc6 5. Qc2 d5 6. a3 Bf5 7. Qd1 Bc5 8. e3
d4 9. Be2 d3 10. Qxd3 Qe7 11. Qb3 O-O-O 12. Nbd2 Nxe5 13. Nxe5 Qxe5 14. Nf3 Qf6
15. O-O g5 16. Nd4 Bg6 17. Bg4+ Kb8 18. f3 Nd6 19. Nc6+ Ka8 20. Nxd8 Rxd8 21.
Qa2 Qe5 22. b4 Bxe3+ 23. Bxe3 Qxe3+ 24. Kh1 h5 25. Rae1 Qf4 26. c5 Nc4 27. g3
Qd4 28. Rd1 Qxd1 29. Qxc4 Qd3 30. Qxd3 Bxd3 31. Re1 hxg4 32. fxg4 Bc4 33. h4
Rh8 34. Kg2 Bd5+ 35. Kf2 Be6 36. hxg5 Rg8 37. Re5 Kb8 38. Ke3 Kc8 39. Kf4 Kd7
40. Re1 Ke7 41. Re3 Rd8 42. Re4 Rd3 43. a4 Rc3 44. g6 fxg6 45. Kg5 Rxg3 46. b5
b6 47. c6 Rg1 48. Rd4 Rc1 49. Kxg6 Rc4 50. Rd2 Rxg4+ 51. Kh5 Rxa4 52. Rb2 a5
53. bxa6 Rxa6 0-1

[Event "SR 2. liga A 2002/2003"]
[Site "?"]
[Date "2002.10.13"]
[Round "2.5"]
[White "Vychodil, Michal"]
[Black "Syrovy, Ivan"]
[Result "1-0"]
[WhiteElo "2078"]
[BlackElo "2066"]
[PlyCount "79"]
[EventDate "2002.??.??"]

1. e4 d6 2. d4 g6 3. Nc3 Bg7 4. Be3 c6 5. Qd2 Qa5 6. Nf3 Nf6 7. Bd3 Ng4 8. Bf4
e5 9. dxe5 Nxe5 10. Nxe5 dxe5 11. Bh6 Bf6 12. Bc4 Nd7 13. Rd1 Nc5 14. O-O Ne6
15. Nd5 Qxd2 16. Nxf6+ Ke7 17. Rxd2 Kxf6 18. f4 exf4 19. Bxf4 Nxf4 20. Rxf4+
Ke5 21. Rxf7 Kxe4 22. Bd3+ Ke5 23. Re2+ Kd6 24. Ree7 b5 25. Rxh7 Rxh7 26. Rxh7
Bf5 27. Bxf5 gxf5 28. Rh6+ Kc7 29. Rf6 Rd8 30. Rxf5 Rd1+ 31. Rf1 Rd2 32. Rc1
Kd6 33. h4 Ke5 34. Kh2 a5 35. Kh3 a4 36. g4 Kf4 37. g5 c5 38. g6 Rd6 39. Rg1
Rd8 40. g7 1-0

[Event "SR 2. liga A 2002/2003"]
[Site "?"]
[Date "2002.10.13"]
[Round "2.6"]
[White "Hrncar, Lubomir"]
[Black "Hecht, Tomas"]
[Result "1/2-1/2"]
[WhiteElo "2011"]
[BlackElo "2050"]
[PlyCount "122"]
[EventDate "2002.??.??"]

1. e4 c5 2. Nf3 Nc6 3. d4 cxd4 4. Nxd4 g6 5. Nxc6 bxc6 6. Qd4 Nf6 7. e5 Nd5 8.
e6 f6 9. exd7+ Bxd7 10. Bc4 e5 11. Qh4 Bg7 12. O-O Be6 13. Nc3 Qe7 14. Nxd5
cxd5 15. Bb5+ Kf7 16. Bd2 f5 17. Qa4 Rab8 18. Rab1 Qc5 19. Bd7 Rhd8 20. Bxe6+
Kxe6 21. b4 Qc7 22. b5 Rd7 23. Ba5 Qc5 24. Rfe1 Rdb7 25. b6 axb6 26. Bb4 Qc4
27. Qa3 Kf7 28. Bd6 Re8 29. Rxb6 Rxb6 30. Qa7+ Kg8 31. Qxb6 Qxa2 32. Qc6 Qa8
33. Qb6 e4 34. h3 Qd8 35. Qc5 Re6 36. Bc7 Qd7 37. Bf4 Rc6 38. Qb5 Rc7 39. Qb3
Rb7 40. Qa2 Ra7 41. Qb3 Qb7 42. Qg3 Ra2 43. c3 Qb2 44. Rd1 Ra1 45. Rxa1 Qxa1+
46. Kh2 Bxc3 47. Qg5 Bf6 48. Qh6 d4 49. Bd6 Qa8 50. g4 Qd8 51. Qf4 g5 52. Qg3
f4 53. Qb3+ Kh8 54. Qe6 e3 55. fxe3 fxe3 56. h4 e2 57. Be5 Kg7 58. hxg5 Bxe5+
59. Qxe5+ Kg8 60. Qe6+ Kf8 61. Qxe2 d3 1/2-1/2

[Event "SR 2. liga A 2002/2003"]
[Site "?"]
[Date "2002.10.13"]
[Round "2.6"]
[White "Kollarik, Gorazd"]
[Black "Kruppa, Dominik"]
[Result "0-1"]
[WhiteElo "1820"]
[BlackElo "2092"]
[PlyCount "90"]
[EventDate "2002.??.??"]

1. d4 Nf6 2. c4 e6 3. Nc3 Bb4 4. e3 O-O 5. Bd3 c5 6. a3 Bxc3+ 7. bxc3 b6 8. Ne2
Bb7 9. O-O d6 10. Qc2 Nbd7 11. Ng3 cxd4 12. cxd4 Rc8 13. Qe2 Ba6 14. Bb2 Qe7
15. Rac1 Rc7 16. Rc2 Rfc8 17. Rfc1 e5 18. Nf5 Qf8 19. f3 Ne8 20. e4 exd4 21.
Bxd4 Nc5 22. Bxc5 Rxc5 23. Ne3 Nf6 24. Nd5 Nd7 25. f4 Qe8 26. Qh5 Ra5 27. Rc3
Qe6 28. Qh4 f6 29. e5 h6 30. exf6 Rxd5 31. cxd5 Qe3+ 32. Qf2 Qxc1+ 33. Rxc1
Rxc1+ 34. Bf1 Rxf1+ 35. Qxf1 Bxf1 36. Kxf1 Nxf6 37. g3 Nxd5 38. Kf2 Kf7 39. Kf3
b5 40. Ke4 Nb6 41. g4 Nc4 42. h4 Nxa3 43. Kd5 b4 44. Kd4 d5 45. Kd3 h5 0-1

[Event "SR 2. liga A 2002/2003"]
[Site "?"]
[Date "2002.10.13"]
[Round "2.6"]
[White "Kralovic, Andrej"]
[Black "Mandak, Miroslav"]
[Result "0-1"]
[WhiteElo "2055"]
[BlackElo "2060"]
[PlyCount "94"]
[EventDate "2002.??.??"]

1. e4 c5 2. Nc3 Nc6 3. f4 d6 4. Nf3 g6 5. Bc4 Bg7 6. d3 e6 7. O-O Nge7 8. Qe1
O-O 9. f5 d5 10. Bb3 exf5 11. exd5 Nd4 12. Bg5 Re8 13. d6 Qxd6 14. Nd5 Be6 15.
Nxe7+ Rxe7 16. Bxe7 Qxe7 17. Nxd4 Bxd4+ 18. Kh1 Bxb2 19. Rb1 Bf6 20. Bxe6 fxe6
21. Qg3 b6 22. Rbe1 Rd8 23. Qf3 h5 24. Qg3 Kh7 25. Rb1 Rd4 26. Qf2 Qd7 27. Qe2
Qd5 28. Rfe1 e5 29. c4 Qd7 30. Rbd1 Kh6 31. Qf3 g5 32. Rf1 Kg6 33. Qa8 e4 34.
Qg8+ Bg7 35. Qa8 Rxd3 36. Rxd3 exd3 37. Rd1 d2 38. Qf3 Qe6 39. Qf1 Bc3 40. Kg1
Qe3+ 41. Kh1 Qe1 42. a4 Kf6 43. g3 g4 44. h4 f4 45. a5 bxa5 46. Kh2 Qxg3+ 47.
Kh1 Qxh4+ 0-1

[Event "SR 2. liga A 2002/2003"]
[Site "?"]
[Date "2002.10.13"]
[Round "2.6"]
[White "Skapikova, Lubica"]
[Black "Galan, Anton"]
[Result "0-1"]
[WhiteElo "2057"]
[BlackElo "1966"]
[PlyCount "124"]
[EventDate "2002.??.??"]

1. e4 Nf6 2. e5 Nd5 3. d4 d6 4. c4 Nb6 5. f4 dxe5 6. fxe5 Nc6 7. Be3 Bf5 8. Nc3
e6 9. Be2 Be7 10. Nf3 Bh4+ 11. g3 Be7 12. O-O f6 13. b3 Bb4 14. Qd2 Qd7 15.
exf6 gxf6 16. Nh4 Bg6 17. Nxg6 hxg6 18. Qc2 O-O-O 19. Rad1 Qh7 20. Rf2 f5 21.
Bf3 Qd7 22. Nb1 Be7 23. Rfd2 Bf6 24. d5 Nb4 25. dxe6 Qxe6 26. Rxd8+ Bxd8 27.
Qc3 Bf6 28. Qd2 Rd8 29. Qf2 Rxd1+ 30. Bxd1 Nxa2 31. Bc5 Nc3 32. Nxc3 Bxc3 33.
Bf3 Nd7 34. Bd5 Qe5 35. Qe3 Nxc5 36. Qxe5 Bxe5 37. b4 Nd7 38. Be6 Kd8 39. Bf7
Nf8 40. b5 Kd7 41. Bd5 a5 42. Bxb7 a4 43. c5 Bd4+ 44. Kf1 Bxc5 45. Bd5 Kd6 46.
Bc4 Nd7 47. Ke2 Ne5 48. Ba2 Bg1 49. Kd1 Bd4 50. h3 Kc5 51. Ke2 Kxb5 52. Kd2 c5
53. Kc2 c4 54. Bb1 Kb4 55. Ba2 Bf2 56. g4 fxg4 57. hxg4 Nxg4 58. Kb2 Bd4+ 59.
Kc2 Ne5 60. Bb1 Ka3 61. Kc1 Nd3+ 62. Kc2 g5 0-1

[Event "SR 2. liga A 2002/2003"]
[Site "?"]
[Date "2002.10.13"]
[Round "2.6"]
[White "Vach, Jozef"]
[Black "Kebis, Milos"]
[Result "0-1"]
[WhiteElo "1860"]
[BlackElo "2081"]
[PlyCount "50"]
[EventDate "2002.??.??"]

1. e4 g6 2. d4 Bg7 3. c4 d6 4. Nc3 Nf6 5. f3 O-O 6. Be3 Nbd7 7. Qd2 c5 8. O-O-O
cxd4 9. Bxd4 a6 10. g4 Qa5 11. h4 Ne5 12. Kb1 Nc6 13. Be3 Be6 14. Bh6 b5 15.
Bxg7 Kxg7 16. h5 bxc4 17. hxg6 fxg6 18. Qh6+ Kg8 19. Nge2 Rab8 20. Nd5 Bxd5 21.
exd5 c3 22. Nxc3 Qxc3 23. Rh2 Ne5 24. Rc1 Qxf3 25. Rh3 Qf2 0-1

[Event "SR 2. liga A 2002/2003"]
[Site "?"]
[Date "2002.10.13"]
[Round "2.7"]
[White "Fidericky, Milan"]
[Black "Slamena, Michal"]
[Result "0-1"]
[WhiteElo "1806"]
[BlackElo "1717"]
[PlyCount "66"]
[EventDate "2002.??.??"]

1. d4 Nf6 2. c4 e6 3. Nc3 c5 4. d5 exd5 5. cxd5 d6 6. e4 Be7 7. Bd3 a6 8. a4
O-O 9. Nge2 Re8 10. h3 Nbd7 11. f4 Rb8 12. O-O b5 13. axb5 axb5 14. b3 Bf8 15.
Ng3 c4 16. bxc4 Qb6+ 17. Kh1 bxc4 18. Bc2 Nc5 19. Be3 Qb4 20. Bd4 Nfd7 21. Nf5
g6 22. Ng3 Bg7 23. Bxg7 Kxg7 24. Qd4+ f6 25. Rfb1 Nb3 26. Qe3 Nxa1 27. Rxb4
Nxc2 28. Qe2 Nxb4 29. Qxc4 Nc5 30. Qd4 Nbd3 31. Nce2 Rb4 32. Qc3 Ba6 33. Nd4
Rc4 0-1

[Event "SR 2. liga A 2002/2003"]
[Site "?"]
[Date "2002.10.13"]
[Round "2.7"]
[White "Garaj, Ivan"]
[Black "Palka, Miroslav"]
[Result "0-1"]
[WhiteElo "1728"]
[BlackElo "2012"]
[PlyCount "71"]
[EventDate "2002.??.??"]

1. d4 Nf6 2. Bg5 e6 3. e4 Be7 4. Bxf6 Bxf6 5. e5 Be7 6. Nf3 O-O 7. Nbd2 b6 8.
Bd3 Bb7 9. O-O d6 10. c3 c5 11. exd6 Bxd6 12. Qc2 h6 13. dxc5 Bxc5 14. Rad1 Qc7
15. Bh7+ Kh8 16. Be4 Nc6 17. Rfe1 Rad8 18. Nb3 Be7 19. Nbd4 Nxd4 20. Nxd4 Bxe4
21. Rxe4 a6 22. Qe2 Bf6 23. g3 b5 24. a3 Rd5 25. Nc2 Rxd1+ 26. Qxd1 Rd8 27. Qe1
Rd6 28. Re2 Qd7 29. Ne3 Rd3 30. Kg2 Bd8 31. c4 bxc4 32. Nxc4 Qd5+ 33. Re4 f5
34. Nd6 fxe4 35. Nf7+ Kh7 36. Nxd8 0-1

[Event "SR 2. liga A 2002/2003"]
[Site "?"]
[Date "2002.10.13"]
[Round "2.7"]
[White "Mikulas, Dusan"]
[Black "Pospichal, Karol"]
[Result "1-0"]
[WhiteElo "2154"]
[BlackElo "1827"]
[PlyCount "103"]
[EventDate "2002.??.??"]

1. e4 c5 2. Nf3 Nc6 3. d4 cxd4 4. Nxd4 g6 5. Nc3 Bg7 6. Be3 Nf6 7. Nxc6 bxc6 8.
e5 Ng8 9. f4 d6 10. Bc4 Nh6 11. Qf3 d5 12. Bd3 d4 13. Bxd4 O-O 14. Bc5 Qc7 15.
O-O Be6 16. h3 Rab8 17. Rab1 Rfd8 18. Qf2 Rd7 19. a3 f5 20. b4 Nf7 21. Ne2 Nd8
22. Nd4 Ba2 23. Ra1 Bf7 24. Nf3 Ne6 25. Bc4 Nxc5 26. Bxf7+ Kxf7 27. Ng5+ Kg8
28. Qxc5 Qb6 29. Ne6 Kf7 30. Ng5+ Kg8 31. Qxb6 axb6 32. Rfd1 Rbd8 33. Rxd7 Rxd7
34. a4 h6 35. Nf3 g5 36. g3 gxf4 37. gxf4 h5 38. Kf2 Bh6 39. Ke3 Kf7 40. a5
bxa5 41. bxa5 Ke8 42. a6 Ra7 43. Nd4 Kd7 44. Nxf5 Bf8 45. Ng3 h4 46. Nf5 e6 47.
Nxh4 Bc5+ 48. Ke4 Ke8 49. Nf3 Rd7 50. h4 Ba7 51. Rb1 Kd8 52. Rb7 1-0

[Event "SR 2. liga A 2002/2003"]
[Site "?"]
[Date "2002.10.13"]
[Round "2.7"]
[White "Raczko, Peter"]
[Black "Holly, Milan"]
[Result "1/2-1/2"]
[WhiteElo "2002"]
[BlackElo "1696"]
[PlyCount "119"]
[EventDate "2002.??.??"]

1. e4 c6 2. d4 d5 3. exd5 cxd5 4. c4 Bf5 5. Nc3 e6 6. Qa4+ Nc6 7. Nf3 dxc4 8.
Ne5 Nge7 9. Be3 a6 10. Qxc4 Nxe5 11. dxe5 Nc6 12. f4 Nb4 13. Rd1 Nc2+ 14. Kf2
Qa5 15. Bc1 Bc5+ 16. Kf3 O-O 17. Bd3 Nd4+ 18. Kg3 Bxd3 19. Rxd3 Nf5+ 20. Kh3
Rac8 21. Qe4 Qc7 22. Rhd1 Rfd8 23. Rxd8+ Rxd8 24. Rxd8+ Qxd8 25. g3 h5 26. Kg2
b5 27. a3 Qb6 28. h3 Be3 29. Bxe3 Nxe3+ 30. Kf3 Nf1 31. Qe2 Qg1 32. Qf2 Qxf2+
33. Kxf2 Nd2 34. Ke2 Nc4 35. Nd1 Kf8 36. Kd3 Ke7 37. Kd4 Kd7 38. Kc5 Kc7 39. a4
Nd2 40. axb5 axb5 41. Kxb5 Ne4 42. g4 hxg4 43. hxg4 g6 44. Ne3 Nf2 45. g5 Nd3
46. b4 Nxf4 47. Ka6 Nd3 48. b5 Nxe5 49. Ka7 Nd7 50. Nc4 e5 51. b6+ Nxb6 52.
Nxb6 Kd6 53. Kb7 Ke6 54. Kc7 Kf5 55. Kd6 Kxg5 56. Kxe5 f5 57. Nd5 Kg4 58. Ne3+
Kg5 59. Ng2 Kg4 60. Ne3+ 1/2-1/2

[Event "SR 2. liga A 2002/2003"]
[Site "?"]
[Date "2002.10.13"]
[Round "2.7"]
[White "Sabolik, Frantisek"]
[Black "Simon, Lukas"]
[Result "1-0"]
[WhiteElo "2125"]
[BlackElo "1980"]
[PlyCount "123"]
[EventDate "2002.??.??"]

1. d4 Nf6 2. c4 e5 3. dxe5 Ng4 4. Nf3 Nc6 5. Bf4 Bb4+ 6. Nc3 Bxc3+ 7. bxc3 Qe7
8. Qd5 f6 9. exf6 Nxf6 10. Qd3 d6 11. e3 O-O 12. Be2 Ne4 13. O-O Bf5 14. Nd4
Nxd4 15. Qxd4 Nc5 16. f3 b6 17. Bg3 Kh8 18. e4 Bg6 19. Rae1 Rae8 20. Bd1 Qf7
21. Qd5 h6 22. Bc2 Qd7 23. f4 Bf7 24. Qd4 Qe6 25. Bb3 a5 26. f5 Qc8 27. Bf4 Kh7
28. Re3 Bg8 29. Rg3 Rf7 30. Bc2 Nd7 31. f6 Ne5 32. fxg7 Rxg7 33. Rxg7+ Kxg7 34.
Bxh6+ Kxh6 35. Qe3+ Kh7 36. Rf6 Bf7 37. Qh6+ Kg8 38. Qg5+ Kf8 39. Rh6 Ng6 40.
Rxg6 Bxg6 41. Qxg6 Qe6 42. Qh7 Qf7 43. Qxf7+ Kxf7 44. g4 Kf6 45. Kg2 c6 46. Bd3
Re5 47. a4 Rc5 48. h4 b5 49. g5+ Kg7 50. cxb5 Rxc3 51. Be2 Rc2 52. Kf3 Kg6 53.
bxc6 Rxc6 54. Kf4 Rc2 55. h5+ Kg7 56. Bd3 Rc3 57. Bb5 Rc5 58. h6+ Kg6 59. Be8+
Kh7 60. Bd7 Kh8 61. g6 Re5 62. Bf5 1-0

[Event "SR 2. liga A 2002/2003"]
[Site "?"]
[Date "2002.10.13"]
[Round "2.7"]
[White "Stepanovic, Branislav"]
[Black "Bukovsky, Milan"]
[Result "1/2-1/2"]
[WhiteElo "2060"]
[BlackElo "2056"]
[PlyCount "124"]
[EventDate "2002.??.??"]

1. e4 e5 2. Nf3 Nc6 3. Bb5 Nf6 4. O-O Bc5 5. d3 d6 6. h3 h6 7. c3 O-O 8. Nbd2
Bd7 9. Re1 Kh8 10. Nf1 Ne7 11. Bxd7 Nxd7 12. g4 Ng6 13. Ng3 Nf4 14. Bxf4 exf4
15. Nh5 c6 16. d4 Bb6 17. Nxf4 g6 18. Kg2 Qf6 19. Qd2 Kh7 20. Ne2 Rae8 21. Qf4
Qxf4 22. Nxf4 Re7 23. Nd3 Rfe8 24. e5 dxe5 25. Nfxe5 Nxe5 26. Nxe5 Bc7 27. Nd3
Kg7 28. Rxe7 Rxe7 29. Kf3 Kf6 30. Re1 Rxe1 31. Nxe1 Ke6 32. Ke4 b5 33. Ng2 f5+
34. gxf5+ gxf5+ 35. Kd3 Kf6 36. b3 Ke6 37. f3 Bd6 38. a4 a6 39. c4 Bc7 40. axb5
axb5 41. cxb5 cxb5 42. Ke3 Ba5 43. Nf4+ Kf6 44. Kd3 Ke7 45. Nd5+ Kd6 46. Nc3
Kc6 47. Nd1 Kd5 48. Ne3+ Kc6 49. Nd1 Kd5 50. Nc3+ Kc6 51. d5+ Kc5 52. d6 b4 53.
Ne2 Kxd6 54. Kc4 Bb6 55. Kxb4 Bf2 56. Kc4 Ke5 57. b4 Be3 58. Kb5 Kd6 59. Ng3
Ke5 60. Ne2 Kd6 61. Ng3 Ke5 62. Ne2 Kd6 1/2-1/2

[Event "SR 2. liga A 2002/2003"]
[Site "?"]
[Date "2002.10.13"]
[Round "2.8"]
[White "Antala, Jan"]
[Black "Slovik, Vojtech"]
[Result "1-0"]
[WhiteElo "1904"]
[BlackElo "2030"]
[PlyCount "79"]
[EventDate "2002.??.??"]

1. e4 e6 2. d4 d5 3. Nc3 Bb4 4. e5 c5 5. a3 Bxc3+ 6. bxc3 Ne7 7. Rb1 Qa5 8. Qd2
a6 9. Nf3 Nbc6 10. Be2 Nf5 11. dxc5 Qxc5 12. Bb2 b5 13. O-O Bb7 14. Rfd1 Nfe7
15. Qf4 Ng6 16. Qg3 Na5 17. h4 Nc4 18. Bxc4 dxc4 19. h5 Ne7 20. Nd4 O-O-O 21.
Ra1 g6 22. h6 Nf5 23. Qh2 Rd5 24. Re1 Qf8 25. a4 b4 26. Re4 Rd7 27. Nxf5 Bxe4
28. Nd6+ Rxd6 29. exd6 Bxc2 30. cxb4 f6 31. Qf4 Bd3 32. Bxf6 Kd7 33. Qd4 Rg8
34. Be7 Qb8 35. b5 a5 36. Re1 Qb7 37. Qf6 Be4 38. Qf7 Rh8 39. Rxe4 Qxe4 40.
Bf8+ 1-0

[Event "SR 2. liga A 2002/2003"]
[Site "?"]
[Date "2002.10.13"]
[Round "2.8"]
[White "Beles, Milan"]
[Black "Borik, M."]
[Result "1-0"]
[WhiteElo "1817"]
[BlackElo "1951"]
[PlyCount "83"]
[EventDate "2002.??.??"]

1. e4 e5 2. Nf3 Nc6 3. Be2 Nf6 4. d3 h6 5. O-O d6 6. Nbd2 Bg4 7. c3 Be7 8. b4
Qd7 9. a4 O-O 10. Nc4 a6 11. Bd2 Be6 12. Ne3 Rad8 13. b5 Nb8 14. c4 b6 15. bxa6
Nxa6 16. a5 bxa5 17. Rxa5 Nc5 18. Qc2 c6 19. Bb4 Qc7 20. Rfa1 Nb7 21. Ra7 Rb8
22. Ba5 Qc8 23. c5 Nxa5 24. R1xa5 Nd7 25. cxd6 Bxd6 26. d4 Bb3 27. Qc1 exd4 28.
Nf5 Bb4 29. N3xd4 Be6 30. Ra4 Bxf5 31. Nxf5 Kh7 32. Qb2 Nf6 33. Rxb4 Rxb4 34.
Qxb4 c5 35. Qc4 Nd7 36. h3 Ne5 37. Qc3 Qb8 38. Re7 Qb1+ 39. Kh2 f6 40. Rxg7+
Kh8 41. Qxc5 Qb8 42. g3 1-0

[Event "SR 2. liga A 2002/2003"]
[Site "?"]
[Date "2002.10.13"]
[Round "2.8"]
[White "Jozefovic, Milan"]
[Black "Dzavik, Jozef"]
[Result "0-1"]
[WhiteElo "1350"]
[BlackElo "1997"]
[PlyCount "84"]
[EventDate "2002.??.??"]

1. e4 e6 2. Nf3 d5 3. exd5 exd5 4. d4 Nf6 5. Nc3 Be7 6. Bd3 Bg4 7. h3 Bh5 8.
Be3 O-O 9. g4 Bg6 10. Ne5 c6 11. Nxg6 hxg6 12. Qd2 c5 13. O-O-O c4 14. Be2 Bb4
15. Bg5 Nbd7 16. Bf3 Qa5 17. Kb1 Rfe8 18. Rhe1 Ne4 19. Bxe4 dxe4 20. Be3 Rad8
21. a3 Bxc3 22. Qxc3 Qxc3 23. bxc3 Nb6 24. Ka2 Nd5 25. Bd2 Rd6 26. Rb1 b6 27.
Re2 a6 28. Kb2 Rf6 29. Rh1 Rf3 30. g5 b5 31. h4 a5 32. h5 b4 33. axb4 axb4 34.
Be3 Nxc3 35. Ree1 Ra8 36. Ra1 Rxa1 37. Rxa1 gxh5 38. Ra8+ Kh7 39. Rc8 h4 40.
Rxc4 h3 41. d5 h2 42. Rxb4 Nxd5 0-1

[Event "SR 2. liga A 2002/2003"]
[Site "?"]
[Date "2002.10.13"]
[Round "2.8"]
[White "Mosny, Jaroslav"]
[Black "Pobjecky, Ivan"]
[Result "1-0"]
[WhiteElo "2060"]
[BlackElo "2005"]
[PlyCount "107"]
[EventDate "2002.??.??"]

1. d4 Nf6 2. Nf3 g6 3. c4 Bg7 4. Nc3 d6 5. g3 O-O 6. Bg2 Nc6 7. O-O e5 8. dxe5
Nxe5 9. Nxe5 dxe5 10. Bg5 Qxd1 11. Raxd1 c6 12. Rd6 Be6 13. b3 h6 14. Bc1 Rfd8
15. Rfd1 Rxd6 16. Rxd6 Ne8 17. Rd1 f5 18. Na4 Bf8 19. Be3 Kf7 20. Nc5 Bxc5 21.
Bxc5 a6 22. Bb4 Nf6 23. Bc3 Nd7 24. e4 f4 25. Bf3 Re8 26. Bd2 fxg3 27. hxg3 Kg7
28. Bc3 Kf6 29. Bg2 Ke7 30. f3 Kf7 31. Kf2 Ke7 32. Bd2 h5 33. Bc3 Rf8 34. Ke3
Re8 35. Rh1 Kf7 36. Rd1 Ke7 37. Bb4+ Kf7 38. Rd6 Nf6 39. Bc3 Nd7 40. Bf1 Ke7
41. Rd1 Kf7 42. Be2 Ke7 43. Rh1 Kf7 44. Rg1 Ke7 45. f4 exf4+ 46. gxf4 Kf7 47.
Rg5 Nf6 48. Bxf6 Kxf6 49. e5+ Kg7 50. Bxh5 Bf5 51. Rxf5 Rh8 52. Rg5 Rxh5 53.
Rxh5 gxh5 54. f5 1-0

[Event "SR 2. liga A 2002/2003"]
[Site "?"]
[Date "2002.10.13"]
[Round "2.8"]
[White "Peska, Juraj"]
[Black "Pericka, Tomas"]
[Result "1-0"]
[WhiteElo "1592"]
[BlackElo "1629"]
[PlyCount "79"]
[EventDate "2002.??.??"]

1. c4 f5 2. d4 Nf6 3. Nc3 e6 4. Nf3 Be7 5. Bf4 O-O 6. e3 d6 7. Be2 h6 8. h3
Nbd7 9. O-O b6 10. Qb3 Kh8 11. a4 g5 12. Bh2 Bb7 13. a5 Rg8 14. a6 Bc8 15. Nd2
g4 16. hxg4 Nxg4 17. Bf3 Rb8 18. Nb5 e5 19. Nxa7 e4 20. Bxg4 Rxg4 21. Nc6 Qe8
22. Nxb8 Qh5 23. Rfe1 Rh4 24. Nf1 Nf6 25. Ng3 Qg5 26. f3 exf3 27. gxf3 Nh5 28.
f4 Qg4 29. e4 fxe4 30. Rxe4 Qh3 31. Re2 Nxg3 32. Bxg3 Qh1+ 33. Kf2 Rh2+ 34.
Bxh2 Qxh2+ 35. Ke1 Qg1+ 36. Kd2 Qxa1 37. Rxe7 Bf5 38. Qc3 Qg1 39. d5+ Kg8 40.
Rg7+ 1-0

[Event "SR 2. liga A 2002/2003"]
[Site "?"]
[Date "2002.11.09"]
[Round "3.1"]
[White "Bezuch, Martin"]
[Black "Harasta, Vladimir"]
[Result "1-0"]
[WhiteElo "2106"]
[BlackElo "2190"]
[PlyCount "27"]
[EventDate "2002.??.??"]

1. e4 e5 2. Nf3 Nc6 3. Bc4 Nf6 4. d3 Bc5 5. Nc3 d6 6. Be3 Bb6 7. Qd2 O-O 8. Bg5
Ne7 9. Bxf6 gxf6 10. Qh6 Ng6 11. h4 c6 12. Ng5 Bxf2+ 13. Kxf2 Qb6+ 14. Kf1 1-0